[Event "Kragero Sept op"]
[Site "Kragero"]
[Date "2020.09.06"]
[Round "5"]
[White "Blauhut, Holger"]
[Black "Walseth, Tron"]
[Result "1-0"]
[WhiteElo "2114"]
[BlackElo "1963"]
[PlyCount "71"]
[EventDate "2020.09.04"]
[EventType "swiss"]
[EventRounds "6"]
[EventCountry "NOR"]
[SourceTitle "CBM 198 Extra"]
[Source "ChessBase"]
[SourceDate "2020.11.30"]
[SourceVersion "1"]
[SourceVersionDate "2020.11.30"]
[SourceQuality "1"]

1. e4 e6 2. d4 d5 3. Bd3 dxe4 4. Bxe4 Nf6 5. Bf3 Nc6 6. Ne2 e5 7. Bxc6+ bxc6 8. 0-0 Bd6 9. dxe5 Bxe5 10. Qxd8+ Kxd8 11. Rd1+ Bd7 12. Nbc3 Rb8 13. b3 Kc8 14. Bf4 Bxf4 15. Nxf4 Bf5 16. Rd2 Rb4 17. Nfe2 c5 18. f3 Rb6 19. Rad1 Re8 20. Kf2 h5 21. Na4 Rd6 22. Nxc5 Red8 23. Rxd6 Rxd6 24. Rxd6 cxd6 25. Nd3 Nd5 26. Nd4 Bxd3 27. cxd3 Nb4 28. Ke3 g6 29. a4 a6 30. h4 Kd7 31. g4 Nd5+ 32. Ke4 Ne7 33. Kf4 f6 34. gxh5 gxh5 35. Nf5 Ng6+ 36. Kg3 1-0

[Event "Kragero Sept op"]
[Site "Kragero"]
[Date "2020.09.06"]
[Round "6"]
[White "Walseth, Tron"]
[Black "Brattgjerd, Isak Vinh"]
[Result "1/2-1/2"]
[WhiteElo "1963"]
[BlackElo "1852"]
[PlyCount "45"]
[EventDate "2020.09.04"]
[EventType "swiss"]
[EventRounds "6"]
[EventCountry "NOR"]
[SourceTitle "CBM 198 Extra"]
[Source "ChessBase"]
[SourceDate "2020.11.30"]
[SourceVersion "1"]
[SourceVersionDate "2020.11.30"]
[SourceQuality "1"]

1. c4 f5 2. g3 Nf6 3. Bg2 d6 4. Nc3 e5 5. d3 Be7 6. e3 0-0 7. Nge2 Nc6 8. 0-0 a6 9. Rb1 Qe8 10. Nd5 Nxd5 11. Bxd5+ Kh8 12. b4 Nd8 13. f4 c6 14. Bg2 b5 15. fxe5 dxe5 16. c5 Be6 17. a4 Bd5 18. e4 fxe4 19. Nc3 Ne6 20. Nxe4 Rd8 21. Rxf8+ Bxf8 22. axb5 axb5 23. Bb2 1/2-1/2

[Event "Sandefjord Caissa Spring A"]
[Site "Sandefjord"]
[Date "2019.02.18"]
[Round "2"]
[White "Walseth, Tron"]
[Black "Hansen, Rune Vik"]
[Result "1-0"]
[WhiteElo "1971"]
[BlackElo "1956"]
[PlyCount "97"]
[EventDate "2019.01.21"]
[EventType "tourn"]
[EventRounds "9"]
[EventCountry "NOR"]
[SourceTitle "EXT 2024"]
[Source "ChessBase"]
[SourceDate "2023.10.10"]
[SourceVersion "1"]
[SourceVersionDate "2023.10.10"]
[SourceQuality "1"]

1. Nf3 b6 2. g3 Bb7 3. Bg2 g6 4. d4 Bg7 5. c4 Nf6 6. 0-0 d6 7. Nc3 e6 8. Re1 0-0 9. e4 Nbd7 10. h3 h6 11. Bf4 Nh5 12. Be3 a6 13. Qd2 Kh7 14. g4 Nhf6 15. g5 Ng8 16. gxh6 Bxh6 17. Ng5+ Bxg5 18. Bxg5 f6 19. Be3 e5 20. Rad1 exd4 21. Bxd4 Ne5 22. b3 Bc8 23. f4 Nf7 24. Nd5 Be6 25. Qc3 Bxd5 26. cxd5 Nfh6 27. Rc1 Rf7 28. Qg3 Qd7 29. Bb2 Re8 30. a4 b5 31. Rc6 bxa4 32. bxa4 Rb8 33. Qc3 Qc8 34. Rc1 Qb7 35. Ba1 Qa7+ 36. Qd4 Qxd4+ 37. Bxd4 Rb4 38. R6c4 Rxc4 39. Rxc4 g5 40. fxg5 fxg5 41. e5 Rf4 42. Rxc7+ Kg6 43. Bc3 dxe5 44. Bxe5 Rxa4 45. Bf1 Kf5 46. Bc3 g4 47. hxg4+ Kxg4 48. Kf2 Rf4+ 49. Ke2 1-0

[Event "Heviz op 12th"]
[Site "Heviz"]
[Date "2016.04.09"]
[Round "4"]
[White "Walseth, Tron"]
[Black "Borsos, Bogdan"]
[Result "0-1"]
[WhiteElo "1999"]
[BlackElo "2252"]
[PlyCount "28"]
[EventDate "2016.04.06"]
[EventType "swiss"]
[EventRounds "9"]
[EventCountry "HUN"]
[SourceTitle "CBM 171 Extra"]
[Source "ChessBase"]
[SourceDate "2016.04.26"]
[SourceVersion "1"]
[SourceVersionDate "2016.04.26"]
[SourceQuality "1"]

1. d4 Nf6 2. Nf3 e6 3. c4 c5 4. d5 b5 5. dxe6 fxe6 6. cxb5 d5 7. e3 Bd6 8. Be2 0-0 9. 0-0 Bb7 10. Nc3 Kh8 11. b3 e5 12. Bb2 Nbd7 13. Nxd5 Nxd5 14. e4 Nf4 0-1

[Event "NOR-chT lag"]
[Site "Tromsoe"]
[Date "2013.02.22"]
[Round "1"]
[White "Knutsen, Paal Egil"]
[Black "Walseth, Tron"]
[Result "0-1"]
[WhiteElo "1239"]
[BlackElo "1866"]
[PlyCount "66"]
[EventDate "2013.02.22"]
[EventType "team-swiss"]
[EventRounds "5"]
[EventCountry "NOR"]
[SourceTitle "CBM 153 Extra"]
[Source "ChessBase"]
[SourceDate "2013.04.22"]
[SourceVersion "1"]
[SourceVersionDate "2013.04.22"]
[SourceQuality "1"]

1. c4 Nf6 2. Nc3 c5 3. g3 g6 4. Bg2 Bg7 5. e3 0-0 6. d4 cxd4 7. exd4 d6 8. Nge2 Nc6 9. 0-0 Qa5 10. Re1 e5 11. d5 Ne7 12. Bg5 Qc7 13. b3 h6 14. Bxf6 Bxf6 15. Ne4 Bg7 16. N2c3 Qb6 17. Rc1 f5 18. c5 dxc5 19. Na4 Qd8 20. d6 fxe4 21. dxe7 Qxe7 22. Nxc5 Bf5 23. Qd5+ Kh7 24. Qxb7 Qf6 25. Bxe4 Bg4 26. Rc2 Rac8 27. Qxa7 Rf7 28. Qa4 Rxc5 29. Bxg6+ Kxg6 30. Qxg4+ Kh7 31. Qe4+ Kg8 32. Rxc5 Qxf2+ 33. Kh1 Qxc5 0-1

[Event "NOR-chT lag"]
[Site "Tromsoe"]
[Date "2013.02.22"]
[Round "4"]
[White "Romsdal, Trond"]
[Black "Walseth, Tron"]
[Result "1-0"]
[WhiteElo "2057"]
[BlackElo "1866"]
[PlyCount "75"]
[EventDate "2013.02.22"]
[EventType "team-swiss"]
[EventRounds "5"]
[EventCountry "NOR"]
[SourceTitle "CBM 153 Extra"]
[Source "ChessBase"]
[SourceDate "2013.04.22"]
[SourceVersion "1"]
[SourceVersionDate "2013.04.22"]
[SourceQuality "1"]

1. c4 c5 2. Nf3 Nf6 3. g3 g6 4. Bg2 Bg7 5. d4 cxd4 6. Nxd4 0-0 7. 0-0 Nc6 8. Nc3 Nxd4 9. Qxd4 d6 10. e4 Be6 11. Qd3 Nd7 12. b3 Qa5 13. Bd2 Rfc8 14. Nd5 Qd8 15. Rae1 Rab8 16. f4 a6 17. h4 b5 18. cxb5 axb5 19. h5 Ra8 20. Nb4 Qb6+ 21. Kh2 Qc5 22. Bf3 Nf6 23. Rc1 Qb6 24. f5 Rxc1 25. Bxc1 Qc5 26. fxe6 Qxb4 27. exf7+ Kxf7 28. a3 Rxa3 29. Bxa3 Qxa3 30. hxg6+ hxg6 31. Qxb5 Qb2+ 32. Kh3 Bf8 33. Qc4+ Kg7 34. b4 Nd7 35. b5 Ne5 36. Qe2 Qd4 37. Bg2 e6 38. Qf2 1-0

[Event "Kecskemet Caissa IM 06"]
[Site "Kecskemet"]
[Date "2012.06.19"]
[Round "5"]
[White "Wang, Xinyue"]
[Black "Walseth, Tron"]
[Result "1/2-1/2"]
[WhiteElo "2041"]
[BlackElo "2006"]
[PlyCount "86"]
[EventDate "2012.06.16"]
[EventType "tourn"]
[EventRounds "11"]
[EventCountry "HUN"]
[SourceTitle "EXT 2013"]
[Source "ChessBase"]
[SourceDate "2012.11.22"]
[SourceVersion "1"]
[SourceVersionDate "2012.11.22"]
[SourceQuality "1"]

1. Nf3 Nf6 2. g3 c5 3. c4 g6 4. Nc3 Bg7 5. Bg2 0-0 6. 0-0 Nc6 7. Rb1 d6 8. a3 Be6 9. d3 a5 10. Bd2 Qc8 11. Re1 Rd8 12. e4 Bg4 13. Qc2 Bxf3 14. Bxf3 Nd4 15. Qd1 Nxf3+ 16. Qxf3 Qh3 17. Nd5 Kf8 18. Bg5 Nxd5 19. exd5 Re8 20. Re4 Qf5 21. Qe3 Bd4 22. Bh6+ Kg8 23. Qe2 e5 24. dxe6 Rxe6 25. Rxe6 Qxe6 26. Qf3 Re8 27. b4 cxb4 28. axb4 a4 29. Be3 Bxe3 30. fxe3 Qxe3+ 31. Qxe3 Rxe3 32. Rd1 Re2 33. Ra1 Rd2 34. Rxa4 Rxd3 35. Ra8+ Kg7 36. Rb8 Rc3 37. c5 dxc5 38. bxc5 Rxc5 39. Rxb7 Rc2 40. Ra7 g5 41. g4 Kg6 42. h3 f6 43. Ra6 Rb2 1/2-1/2

[Event "Kecskemet Caissa IM 06"]
[Site "Kecskemet"]
[Date "2012.06.18"]
[Round "3"]
[White "Vamos, Viktor"]
[Black "Walseth, Tron"]
[Result "1-0"]
[WhiteElo "2232"]
[BlackElo "2006"]
[PlyCount "41"]
[EventDate "2012.06.16"]
[EventType "tourn"]
[EventRounds "11"]
[EventCountry "HUN"]
[SourceTitle "EXT 2013"]
[Source "ChessBase"]
[SourceDate "2012.11.22"]
[SourceVersion "1"]
[SourceVersionDate "2012.11.22"]
[SourceQuality "1"]

1. d4 e6 2. Nf3 Nf6 3. Bg5 h6 4. Bh4 c5 5. e3 cxd4 6. exd4 d6 7. Nbd2 Be7 8. c3 0-0 9. Bd3 a6 10. Bxf6 Bxf6 11. Qe2 d5 12. Bc2 Re8 13. 0-0-0 Nd7 14. Qd3 Nf8 15. g4 b5 16. h4 Be7 17. g5 h5 18. Ne5 g6 19. Qf3 f5 20. gxf6 Bxf6 21. Nxg6 1-0

[Event "NOR-chT Nord"]
[Site "Tromsoe"]
[Date "2012.02.24"]
[Round "5"]
[White "Walseth, Tron"]
[Black "Machlik, Monika"]
[Result "1/2-1/2"]
[WhiteElo "2022"]
[BlackElo "1718"]
[PlyCount "21"]
[EventDate "2012.02.24"]
[EventType "team-tourn"]
[EventRounds "5"]
[EventCountry "NOR"]
[SourceTitle "EXT 2015"]
[Source "ChessBase"]
[SourceDate "2014.11.20"]
[SourceVersion "1"]
[SourceVersionDate "2014.11.20"]
[SourceQuality "1"]

1. c4 Nf6 2. g3 e6 3. Bg2 d5 4. Nf3 Nbd7 5. b3 Bd6 6. 0-0 0-0 7. Bb2 b6 8. d4 Bb7 9. Nc3 c5 10. cxd5 Nxd5 11. Nxd5 1/2-1/2

[Event "Vadso op"]
[Site "Vadso"]
[Date "2010.08.29"]
[Round "5"]
[White "Walseth, Tron"]
[Black "Svenske, Jan"]
[Result "1-0"]
[WhiteElo "2030"]
[BlackElo "1854"]
[PlyCount "121"]
[EventDate "2010.08.27"]
[EventType "swiss"]
[EventRounds "5"]
[EventCountry "NOR"]
[SourceTitle "CBM 138 Extra"]
[Source "ChessBase"]
[SourceDate "2010.10.29"]
[SourceVersion "1"]
[SourceVersionDate "2010.10.29"]
[SourceQuality "1"]

1. c4 Nf6 2. g3 g6 3. Bg2 Bg7 4. Nc3 c5 5. Rb1 Nc6 6. a3 a5 7. Nf3 0-0 8. 0-0 d6 9. d3 Bd7 10. h3 Rb8 11. Kh2 Na7 12. a4 Nc6 13. e4 Nb4 14. Ne1 h6 15. f4 Nh7 16. g4 f5 17. gxf5 gxf5 18. Rg1 Kh8 19. Nf3 Qe8 20. Nb5 Rc8 21. Qe2 Qh5 22. exf5 Bf6 23. Nfd4 Qxe2 24. Nxe2 Bxf5 25. Be4 Bxe4 26. dxe4 Nd3 27. Nbc3 Nxc1 28. Rbxc1 e5 29. f5 Ng5 30. Rg3 Rg8 31. Rcg1 Nf7 32. Rxg8+ Rxg8 33. Rxg8+ Kxg8 34. Kg3 h5 35. h4 Kh7 36. Nd5 Bd8 37. Ng1 Nh6 38. Nf3 Nf7 39. Nc3 Kg7 40. Ne2 Be7 41. Nc3 Kh6 42. Nb5 Bd8 43. Nd2 Kg7 44. Nb1 Kf8 45. N1c3 Ke8 46. Kh3 Kf8 47. Na7 Ke8 48. Ne2 Nh6 49. Nb5 Kd7 50. Nbc3 Ng4 51. Nd1 Ke8 52. Ng1 Kf7 53. Nf3 Kg7 54. Ng5 Be7 55. Kg3 Kh6 56. Ne6 Kh7 57. Ne3 Kg8 58. Nd5 Kf7 59. Ng5+ Ke8 60. Kg2 Bf8 61. Kf3 1-0

[Event "Vadso op"]
[Site "Vadso"]
[Date "2010.08.28"]
[Round "3"]
[White "Bue, Gunnar"]
[Black "Walseth, Tron"]
[Result "0-1"]
[WhiteElo "1845"]
[BlackElo "2030"]
[PlyCount "68"]
[EventDate "2010.08.27"]
[EventType "swiss"]
[EventRounds "5"]
[EventCountry "NOR"]
[SourceTitle "CBM 138 Extra"]
[Source "ChessBase"]
[SourceDate "2010.10.29"]
[SourceVersion "1"]
[SourceVersionDate "2010.10.29"]
[SourceQuality "1"]

1. d4 Nf6 2. c4 e6 3. Nf3 Bb4+ 4. Nbd2 d5 5. e3 0-0 6. a3 Be7 7. b3 Nbd7 8. Bb2 b6 9. Bd3 Bb7 10. 0-0 Rc8 11. Qe2 Ne4 12. cxd5 exd5 13. Ba6 Bxa6 14. Qxa6 Nxd2 15. Nxd2 Ra8 16. b4 f5 17. Rac1 Bd6 18. f4 Qe7 19. Qd3 Nf6 20. Nf3 Ne4 21. Nd2 Nxd2 22. Qxd2 Rae8 23. Rf3 Qe4 24. Qc2 Qe7 25. Qf2 Rf6 26. Rc3 Rh6 27. Bc1 Ra8 28. Qc2 Qe6 29. Qa4 g5 30. g3 gxf4 31. gxf4 Kh8 32. Qd1 Rg8+ 33. Rg3 Rxg3+ 34. hxg3 Qe4 0-1

[Event "NOR-ch Nord"]
[Site "Tromsoe"]
[Date "2010.05.21"]
[Round "2"]
[White "Selnes, Odd Ketil"]
[Black "Walseth, Tron"]
[Result "0-1"]
[WhiteElo "1864"]
[BlackElo "2015"]
[PlyCount "78"]
[EventDate "2010.05.21"]
[EventType "swiss"]
[EventRounds "6"]
[EventCountry "NOR"]
[SourceTitle "EXT 2012"]
[Source "ChessBase"]
[SourceDate "2011.11.24"]
[SourceVersion "1"]
[SourceVersionDate "2011.11.24"]
[SourceQuality "1"]

1. d4 Nf6 2. Nf3 e6 3. e3 b6 4. c4 Bb7 5. Nc3 Bb4 6. a3 Bxc3+ 7. bxc3 d6 8. Bd3 Nc6 9. 0-0 e5 10. Qc2 Qe7 11. Ng5 Na5 12. f3 h6 13. Nh3 Ba6 14. Nf2 0-0 15. Qe2 Qe6 16. d5 Qe8 17. Rb1 Rc8 18. e4 c5 19. Ng4 Nxg4 20. fxg4 f6 21. Rf2 Qa4 22. Qf3 Bxc4 23. Bxc4 Nxc4 24. Qf5 Qe8 25. h4 g5 26. Rf3 Kg7 27. Rh3 Qg6 28. Qd7+ Qf7 29. Qf5 Qe7 30. Kh2 Rc7 31. Rf3 Qf7 32. Ra1 Qg6 33. Ra2 Qxf5 34. Rxf5 b5 35. g3 a5 36. Raf2 Rff7 37. Kg2 b4 38. axb4 axb4 39. cxb4 cxb4 0-1

[Event "NOR-ch Nord"]
[Site "Tromsoe"]
[Date "2010.05.21"]
[Round "6"]
[White "Walseth, Tron"]
[Black "Flermoen, Peter"]
[Result "1/2-1/2"]
[WhiteElo "2015"]
[BlackElo "2124"]
[PlyCount "87"]
[EventDate "2010.05.21"]
[EventType "swiss"]
[EventRounds "6"]
[EventCountry "NOR"]
[SourceTitle "EXT 2012"]
[Source "ChessBase"]
[SourceDate "2011.11.24"]
[SourceVersion "1"]
[SourceVersionDate "2011.11.24"]
[SourceQuality "1"]

1. c4 Nf6 2. g3 g6 3. Bg2 c5 4. Nc3 Nc6 5. a3 Bg7 6. Rb1 a5 7. Nf3 d5 8. cxd5 Nxd5 9. Qa4 Bf5 10. Ra1 Nxc3 11. bxc3 0-0 12. 0-0 e5 13. Nh4 Bd7 14. d3 Bf6 15. Be3 Nd4 16. Qd1 Bxh4 17. gxh4 Ne6 18. h5 Bc6 19. Bxc6 bxc6 20. Qa4 Qd5 21. Qh4 f5 22. hxg6 hxg6 23. Qh6 Ra7 24. c4 Qd6 25. Kh1 Rg7 26. Rg1 Kf7 27. Rab1 Rb8 28. f3 a4 29. h4 f4 30. Bf2 Qf8 31. h5 g5 32. Bh4 Rb3 33. Bf2 Qg8 34. Kg2 Rh7 35. Qg6+ Qxg6 36. hxg6+ Kxg6 37. Rxb3 axb3 38. Rb1 Rb7 39. a4 Nd4 40. Bxd4 cxd4 41. a5 Kf5 42. a6 Ra7 43. Rxb3 Rxa6 44. Rb8 1/2-1/2

[Event "NOR-ch Nord"]
[Site "Tromsoe"]
[Date "2010.05.21"]
[Round "3"]
[White "Walseth, Tron"]
[Black "Forsaa, Elise"]
[Result "1-0"]
[WhiteElo "2015"]
[BlackElo "1696"]
[PlyCount "63"]
[EventDate "2010.05.21"]
[EventType "swiss"]
[EventRounds "6"]
[EventCountry "NOR"]
[SourceTitle "EXT 2012"]
[Source "ChessBase"]
[SourceDate "2011.11.24"]
[SourceVersion "1"]
[SourceVersionDate "2011.11.24"]
[SourceQuality "1"]

1. c4 Nf6 2. g3 c6 3. Bg2 d5 4. Nf3 e6 5. 0-0 Nbd7 6. d4 Bd6 7. Qc2 b6 8. cxd5 cxd5 9. Qc6 Qc7 10. Qxa8 0-0 11. Nc3 a6 12. Ne5 Bb7 13. Qxf8+ Nxf8 14. Bf4 h6 15. Rac1 Qb8 16. Nd3 Ng6 17. Bxd6 Qxd6 18. Rc2 Ne7 19. Ne5 Nd7 20. Nxd7 Qxd7 21. e3 b5 22. Rfc1 Nc6 23. a3 Qd6 24. b4 Kf8 25. Bf1 Na7 26. Nb1 Nc6 27. Nd2 e5 28. Nb3 Nd8 29. Na5 exd4 30. exd4 Qb8 31. Rc7 Bc6 32. R7xc6 1-0

[Event "Chigorin Memorial 17th"]
[Site "St Petersburg"]
[Date "2009.10.18"]
[Round "3"]
[White "Walseth, Tron"]
[Black "Belskiy, Artem"]
[Result "1-0"]
[WhiteElo "2020"]
[BlackElo "1528"]
[PlyCount "69"]
[EventDate "2009.10.16"]
[EventType "swiss"]
[EventRounds "9"]
[EventCountry "RUS"]
[SourceTitle "CBM 132 Extra"]
[Source "ChessBase"]
[SourceDate "2009.11.03"]
[SourceVersion "1"]
[SourceVersionDate "2009.11.03"]
[SourceQuality "1"]

1. c4 Nf6 2. g3 e5 3. Bg2 Bc5 4. Nc3 Nc6 5. Nf3 e4 6. Nh4 Qe7 7. Qc2 Nd4 8. Qb1 g5 9. e3 gxh4 10. exd4 Bxd4 11. Nd5 Nxd5 12. cxd5 f5 13. g4 d6 14. 0-0 Bd7 15. d3 0-0-0 16. dxe4 fxe4 17. h3 Rde8 18. Be3 Bxe3 19. fxe3 h5 20. Rf4 hxg4 21. hxg4 h3 22. Bxe4 Qh4 23. Qe1 h2+ 24. Kh1 Qh3 25. Qf2 Bxg4 26. Rxg4 Ref8 27. Rf4 Qh6 28. Rxf8+ Rxf8 29. Bf5+ Kb8 30. e4 Rh8 31. Rf1 Qg7 32. Bh3 a6 33. Qg2 Qe5 34. Rf5 Qe7 35. Kxh2 1-0

[Event "Arctic Chess Challenge"]
[Site "Tromsoe"]
[Date "2008.08.07"]
[Round "6"]
[White "Walseth, Tron"]
[Black "Narvoy, Tore"]
[Result "1/2-1/2"]
[WhiteElo "1988"]
[BlackElo "1757"]
[PlyCount "127"]
[EventDate "2008.08.02"]
[EventType "swiss"]
[EventRounds "9"]
[EventCountry "NOR"]
[SourceTitle "CBM 125 Extra"]
[Source "ChessBase"]
[SourceDate "2008.09.01"]
[SourceVersion "1"]
[SourceVersionDate "2008.09.01"]
[SourceQuality "1"]

1. c4 e5 2. g3 Nf6 3. Bg2 d5 4. cxd5 Nxd5 5. Nc3 Nb6 6. d3 Be7 7. Nf3 N8d7 8. 0-0 0-0 9. b3 c6 10. Bb2 Qc7 11. Rc1 Re8 12. Rc2 f6 13. d4 exd4 14. Nxd4 Ne5 15. Qa1 Bd7 16. Nf3 Nxf3+ 17. Bxf3 Be6 18. Bc1 a6 19. Rd1 Rad8 20. Bf4 Rxd1+ 21. Qxd1 Qc8 22. Rd2 Rd8 23. Kf1 Rxd2 24. Qxd2 Qd8 25. Qxd8+ Bxd8 26. e4 Kf7 27. Ke2 Nd7 28. h4 Ba5 29. Bd2 Ne5 30. Bg2 c5 31. Na4 Bxd2 32. Kxd2 Nd7 33. f4 Ke7 34. Nb2 b5 35. Kc3 Kd6 36. Nd1 Nb6 37. Ne3 b4+ 38. Kc2 g6 39. Bf1 a5 40. Bb5 Bf7 41. Kd3 Ke7 42. Bc4 Be8 43. g4 h6 44. Nd5+ Nxd5 45. Bxd5 Bb5+ 46. Bc4 Bd7 47. g5 hxg5 48. hxg5 f5 49. e5 Bc6 50. Kc2 Be4+ 51. Kb2 Bc6 52. a3 Be4 53. axb4 axb4 54. Kc1 Bb7 55. Kd2 Bc6 56. Ke3 Be4 57. Bb5 Bd5 58. Ba4 Bg2 59. Kd3 Bd5 60. Kc2 Be4+ 61. Kd2 Bg2 62. Bb5 Bd5 63. Kc2 Be4+ 64. Kd2 1/2-1/2

[Event "Porto Carras op 3rd"]
[Site "Porto Carras"]
[Date "2008.07.19"]
[Round "9"]
[White "Walseth, Tron"]
[Black "Pountzas, Hrisanthos"]
[Result "0-1"]
[WhiteElo "1988"]
[BlackElo "2202"]
[PlyCount "46"]
[EventDate "2008.07.12"]
[EventType "swiss"]
[EventRounds "9"]
[EventCountry "GRE"]
[SourceTitle "CBM 125 Extra"]
[Source "ChessBase"]
[SourceDate "2008.09.01"]
[SourceVersion "1"]
[SourceVersionDate "2008.09.01"]
[SourceQuality "1"]

1. d4 Nf6 2. c4 c5 3. d5 e5 4. Nc3 d6 5. e4 Be7 6. Be2 a6 7. Be3 Nbd7 8. Qd2 0-0 9. h3 Rb8 10. g4 b5 11. g5 b4 12. gxf6 bxc3 13. Qxc3 Nxf6 14. Bd3 Nh5 15. Ne2 Nf4 16. 0-0-0 f5 17. Qd2 Nxd3+ 18. Qxd3 fxe4 19. Qd2 Rb4 20. Qc2 a5 21. a3 Rb7 22. Ng3 Bg5 23. Qxe4 Rxf2 0-1

[Event "Porto Carras op 3rd"]
[Site "Porto Carras"]
[Date "2008.07.14"]
[Round "4"]
[White "Walseth, Tron"]
[Black "Makropoulou, Marina"]
[Result "1/2-1/2"]
[WhiteElo "1988"]
[BlackElo "2244"]
[PlyCount "134"]
[EventDate "2008.07.12"]
[EventType "swiss"]
[EventRounds "9"]
[EventCountry "GRE"]
[SourceTitle "CBM 125 Extra"]
[Source "ChessBase"]
[SourceDate "2008.09.01"]
[SourceVersion "1"]
[SourceVersionDate "2008.09.01"]
[SourceQuality "1"]

1. d4 g6 2. Nf3 Bg7 3. g3 Nf6 4. Bg2 0-0 5. 0-0 d6 6. a4 Na6 7. Nc3 c5 8. d5 Bd7 9. Nd2 Qc8 10. e4 Bh3 11. Nc4 Re8 12. f4 Bxg2 13. Kxg2 Nd7 14. Qf3 Nb4 15. Qe2 Qd8 16. g4 Nb6 17. Nxb6 Qxb6 18. f5 Qd8 19. Qf2 Bd4 20. Qh4 e6 21. f6 exd5 22. Bg5 Re5 23. Rf3 dxe4 24. Rh3 Kf8 25. Qxh7 Ke8 26. Qg8+ Kd7 27. Qxf7+ Kc6 28. Bf4 Re8 29. Rd1 Qd7 30. Qxd7+ Kxd7 31. Nb5 Nxc2 32. Nxd6 e3 33. Nxe8 e2 34. Rh7+ Kc6 35. Rc7+ Kb6 36. a5+ Ka6 37. Rc1 Rxe8 38. Re7 e1Q 39. Rcxe1 Nxe1+ 40. Kf1 Rf8 41. f7 Nf3 42. Kg2 g5 43. Kxf3 gxf4 44. b3 b5 45. axb6 axb6 46. h4 Bf6 47. Rd7 Bxh4 48. Kxf4 Kb5 49. g5 Bxg5+ 50. Kxg5 c4 51. bxc4+ Kxc4 52. Rc7+ Kb4 53. Kf6 b5 54. Kg7 Rxf7+ 55. Kxf7 Ka3 56. Ke6 b4 57. Ra7+ Kb2 58. Kd5 b3 59. Kd4 Kc2 60. Rc7+ Kd2 61. Rh7 b2 62. Rh2+ Kc1 63. Kc3 b1N+ 64. Kd3 Na3 65. Ra2 Nb1 66. Rc2+ Kd1 67. Rh2 Kc1 1/2-1/2

[Event "Alta Apne op"]
[Site "Alta"]
[Date "2008.06.14"]
[Round "3"]
[White "Solberg, Joachim Krokvik"]
[Black "Walseth, Tron"]
[Result "1/2-1/2"]
[WhiteElo "2089"]
[BlackElo "1878"]
[PlyCount "63"]
[EventDate "2008.06.13"]
[EventType "swiss"]
[EventRounds "5"]
[EventCountry "NOR"]
[SourceTitle "EXT 2010"]
[Source "ChessBase"]
[SourceDate "2010.11.25"]
[SourceVersion "1"]
[SourceVersionDate "2010.11.25"]
[SourceQuality "1"]

1. e4 c5 2. Nc3 a6 3. a4 d6 4. g3 Nc6 5. Bg2 Nf6 6. h3 e6 7. d3 Be7 8. Nge2 Qc7 9. 0-0 Rb8 10. f4 b5 11. axb5 axb5 12. Be3 b4 13. Nb1 d5 14. g4 dxe4 15. dxe4 e5 16. Ng3 0-0 17. g5 Rd8 18. Qe2 Ne8 19. f5 Bf8 20. c3 bxc3 21. bxc3 Na5 22. g6 fxg6 23. fxg6 hxg6 24. Nd2 Be6 25. Qa6 Nc6 26. Nf3 Rb6 27. Qe2 Rdb8 28. Ng5 Qe7 29. Nxe6 Qxe6 30. Rxf8+ Kxf8 31. Bxc5+ Kg8 32. Bxb6 1/2-1/2

[Event "NOR-chT lag"]
[Site "Tromsoe"]
[Date "2008.02.29"]
[Round "5"]
[White "Pettersen, Magnor"]
[Black "Walseth, Tron"]
[Result "0-1"]
[WhiteElo "1269"]
[BlackElo "1900"]
[PlyCount "56"]
[EventDate "2008.02.29"]
[EventType "team-tourn"]
[EventRounds "5"]
[EventCountry "NOR"]
[SourceTitle "EXT 2010"]
[Source "ChessBase"]
[SourceDate "2010.11.25"]
[SourceVersion "1"]
[SourceVersionDate "2010.11.25"]
[SourceQuality "1"]

1. d4 Nf6 2. Nf3 d6 3. c4 g6 4. Nc3 Bg7 5. e3 0-0 6. Bd3 Nbd7 7. 0-0 e5 8. d5 a5 9. e4 Nc5 10. h3 Nfd7 11. Bc2 f5 12. exf5 gxf5 13. Bg5 Nf6 14. Qd2 Qe8 15. Bxf6 Rxf6 16. Nh4 Qh5 17. g3 f4 18. Kh2 Bd7 19. Ne4 Nxe4 20. Bxe4 Raf8 21. Kg2 f3+ 22. Kh2 Bh6 23. Qd3 Bf4 24. Rg1 Qxh4 25. gxf4+ Kh8 26. Qxf3 Rxf4 27. Qg3 Qxg3+ 28. Rxg3 Rxe4 0-1

[Event "Tromsoesjakken op"]
[Site "Tromsoe"]
[Date "2007.11.16"]
[Round "1"]
[White "Jakobsen, Oivind"]
[Black "Walseth, Tron"]
[Result "0-1"]
[WhiteElo "1246"]
[BlackElo "1903"]
[PlyCount "62"]
[EventDate "2007.11.16"]
[EventType "swiss"]
[EventRounds "5"]
[EventCountry "NOR"]
[SourceTitle "EXT 2010"]
[Source "ChessBase"]
[SourceDate "2010.11.25"]
[SourceVersion "1"]
[SourceVersionDate "2010.11.25"]
[SourceQuality "1"]

1. Nf3 Nf6 2. c4 c5 3. Nc3 g6 4. e3 Bg7 5. Be2 0-0 6. d4 cxd4 7. exd4 d5 8. 0-0 Nc6 9. Bg5 dxc4 10. Bxc4 Bg4 11. Be2 Bxf3 12. Bxf3 Nxd4 13. Re1 Re8 14. Rb1 Nxf3+ 15. Qxf3 Qb6 16. Re5 Qc6 17. Qxc6 bxc6 18. Rbe1 e6 19. Rc5 Rec8 20. Bxf6 Bxf6 21. Rc1 Rab8 22. b3 Bxc3 23. R5xc3 Rb6 24. f4 Rd8 25. Kf1 Rb4 26. g3 Re4 27. Rxc6 Rd2 28. R6c2 Ree2 29. Rxd2 Rxd2 30. a4 Rxh2 31. a5 Rh1+ 0-1

[Event "Tromsoesjakken op"]
[Site "Tromsoe"]
[Date "2007.11.16"]
[Round "3"]
[White "Roelvaag, Mikael"]
[Black "Walseth, Tron"]
[Result "1/2-1/2"]
[WhiteElo "2059"]
[BlackElo "1903"]
[PlyCount "35"]
[EventDate "2007.11.16"]
[EventType "swiss"]
[EventRounds "5"]
[EventCountry "NOR"]
[SourceTitle "EXT 2010"]
[Source "ChessBase"]
[SourceDate "2010.11.25"]
[SourceVersion "1"]
[SourceVersionDate "2010.11.25"]
[SourceQuality "1"]

1. Nf3 c5 2. e4 d6 3. d4 cxd4 4. Nxd4 Nf6 5. Nc3 a6 6. Be2 g6 7. a4 Bg7 8. 0-0 0-0 9. Kh1 b6 10. f4 Bb7 11. Bf3 Nbd7 12. Nb3 Rc8 13. Qe1 Qc7 14. Be3 e6 15. Rf2 Rfd8 16. Rd1 Nc5 17. Nxc5 bxc5 18. Bc1 1/2-1/2

[Event "Tromsoesjakken op"]
[Site "Tromsoe"]
[Date "2007.11.16"]
[Round "2"]
[White "Walseth, Tron"]
[Black "Flermoen, Peter"]
[Result "1/2-1/2"]
[WhiteElo "1903"]
[BlackElo "1622"]
[PlyCount "40"]
[EventDate "2007.11.16"]
[EventType "swiss"]
[EventRounds "5"]
[EventCountry "NOR"]
[SourceTitle "EXT 2010"]
[Source "ChessBase"]
[SourceDate "2010.11.25"]
[SourceVersion "1"]
[SourceVersionDate "2010.11.25"]
[SourceQuality "1"]

1. d4 Nf6 2. Nf3 g6 3. g3 Bg7 4. Bg2 d5 5. c4 dxc4 6. Qa4+ Bd7 7. Qxc4 Bc6 8. Nc3 e6 9. 0-0 0-0 10. b4 a6 11. Bb2 Nd5 12. Ne5 Nb6 13. Qd3 Bxg2 14. Kxg2 Bxe5 15. dxe5 Nc6 16. Qe4 Qe7 17. a3 Rad8 18. Rad1 Rxd1 19. Rxd1 Rd8 20. Rd3 Rd7 1/2-1/2